El siglo de augusto /
Guardado en:
| Autor Principal: | |
|---|---|
| Formato: | Libro |
| Publicado: |
Buenos Aires :
Eudeba,
1983
|
| Edición: | 7a. ed. |
| Materias: | |
| Etiquetas: |
Agregar Etiqueta
Sin Etiquetas, Sea el primero en etiquetar este registro!
|
| LEADER | 00540nam a22002055a 4500 | ||
|---|---|---|---|
| 001 | EHU.bham028143 | ||
| 003 | AR-BHAM | ||
| 005 | 20110518110156.0 | ||
| 008 | 130507s1983##################000#0#####d | ||
| 082 | 9 | 3 | |a 937 |
| 100 | 1 | |a Grimal, Pierre | |
| 245 | 1 | 0 | |a El siglo de augusto / |c Pierre Grimal |
| 250 | |a 7a. ed. | ||
| 260 | |a Buenos Aires : |b Eudeba, |c 1983 | ||
| 300 | |a 127 p. | ||
| 653 | |a Historia de roma | ||
| 653 | |a Augusto | ||
| 653 | |a Roma | ||
| 653 | |a Cultura clasica | ||
| 859 | |a AR-BHAM |b BIB. HUMANIDADES - General |h 937 |i G88-3 |p 449.05 |t Ej.1 | ||
